A 2009/2010-es influenza világjárvány gazdasági hatásai

Elmentve itt :
Bibliográfiai részletek
Szerző: Kovács Ida Jusztina
További közreműködők: Soós Gyöngyvér (Témavezető)
Dokumentumtípus: Szakdolgozat
Megjelent: 2011
Tárgyszavak:
Online Access:http://diploma.bibl.u-szeged.hu/46323
LEADER 00569nta a2200157 i 4500
001 dipl46323
005 20150312114108.0
008 150311s2011 hu om 0|| zxx d
040 |a SZTE Diploma Repozitórium  |b hun 
041 |a zxx 
100 1 |a Kovács Ida Jusztina 
245 1 2 |a A 2009/2010-es influenza világjárvány gazdasági hatásai  |h [elektronikus dokumentum] /  |c Dr. Ida Jusztina Kovács 
260 |c 2011 
650 4 |a Gazdaságtudományok 
700 1 |a Soós Gyöngyvér  |e ths 
856 4 0 |u http://diploma.bibl.u-szeged.hu/id/eprint/46323/1/szakdolgozat.pdf  |z Dokumentum-elérés